|
|
|
|
| LEADER |
01113nam a2200385 4500 |
| 001 |
DLU060055669 |
| 005 |
##19941122122213.5 |
| 008 |
##940720s1994 si a b 000 0 eng d |
| 010 |
# |
# |
|a 94204556
|
| 020 |
# |
# |
|a 9810213786
|
| 035 |
# |
# |
|9 (DLC) 94204556
|
| 035 |
# |
# |
|a (OCoLC)30799789
|
| 040 |
# |
# |
|a DGW
|c DGW
|d DNAL
|d DLC
|
| 042 |
# |
# |
|a lccopycat
|
| 082 |
# |
# |
|a 571.835
|b Com
|
| 245 |
# |
# |
|a Computer analysis of genetic macromolecules :
|b structure, function, and evolution /
|c compiled by Nikolay A. Kolchanov, Hwa A. Lim.
|
| 260 |
# |
# |
|a Singapore ;
|a River Edge, N.J. :
|b World Scientific,
|c c1994.
|
| 300 |
# |
# |
|a xxiv, 556 p. :
|b ill. ;
|c 23 cm.
|
| 504 |
# |
# |
|a Includes bibliographical references (p. 513-556).
|
| 650 |
# |
# |
|a Macromolecules
|x Analysis.
|
| 650 |
# |
# |
|a Molecular biology.
|
| 700 |
# |
# |
|a Kolchanov, N. A.
|
| 700 |
# |
# |
|a Lim, Hwa A.
|
| 923 |
# |
# |
|a 26/2006
|
| 992 |
# |
# |
|a 23200
|
| 994 |
# |
# |
|a DLU
|
| 900 |
# |
# |
|a True
|
| 911 |
# |
# |
|a Thái Thị Thanh Thủy
|
| 925 |
# |
# |
|a G
|
| 926 |
# |
# |
|a A
|
| 927 |
# |
# |
|a SH
|
| 980 |
# |
# |
|a Thư viện Trường Đại học Đà Lạt
|